000 00622nam a2200205Ii 4500
003 JO-AjNU
008 230605s9999||||xx |||||||||||||| ||und||
017 _a2014/8/4078
040 _aJO-AjNU
_bara
_erda
_cJO-AjNU
041 _aara
050 1 4 _aPJ7866.M36.A15 2014
100 3 _aالعمري، حسين علي,
_eauthor
_956939
245 0 0 _aشواطئ الغياب
264 3 1 _aعمان: المؤلف، 2014
300 _a73ص
336 _atext
_btxt
_2rdacontent
337 _aunmediated
_bn
_2rdamedia
338 _avolume
_bnc
_2rdacarrier
650 4 _aالشعر العربي- العصر الحديث
_956940
999 _aA25487
_c29055
_d29055